000 00681nam a2200193Ia 4500
008 240729s9999 xx 000 0 und d
022 _a2785-924X
245 0 _aJournal of Smart Science and Technology
260 _aMalaysia
260 _bUiTM Press
650 _a Architectural engineering. Structural engineering of buildings
650 _a Building construction
650 _a Electrical engineering. Electronics. Nuclear engineering
650 _a Materials of engineering and construction. Mechanics of materials | Technology
650 _aScience | Technology
856 _uhttps://doaj.org/toc/3de0b37142b84d3eb06df27ef7a3d8b7
942 _2ddc
942 _cDOAJEJ
999 _c72860
_d72860
945 _a1
_bMadushi Gamage
_c1
_dMadushi Gamage